000 01354nam a2200361 a 4500
001 ebr10422663
003 CaPaEBR
006 m u
007 cr cn|||||||||
008 100420s2010 si a sb 001 0 eng d
010 _z 2010290916
020 _z9789814277815
020 _z9814277819
020 _z9789814277822 (e-book)
040 _aCaPaEBR
_cCaPaEBR
035 _a(OCoLC)612404868
050 1 4 _aQC173.59.S65
_bS535 2010eb
082 0 4 _a523.1
_222
100 1 _aSidharth, B. G.
_q(Burra Gautam),
_d1948-
245 1 0 _aWhen the universe took a U-turn
_h[electronic resource] /
_cB.G. Sidharth.
260 _aSingapore ;
_aHackensack, N.J. :
_bWorld Scientific,
_cc2010.
300 _axii, 186 p. :
_bill.
504 _aIncludes bibliographical references (p. 177-180) and index.
533 _aElectronic reproduction.
_bPalo Alto, Calif. :
_cebrary,
_d2013.
_nAvailable via World Wide Web.
_nAccess may be limited to ebrary affiliated libraries.
650 0 _aSpace and time.
650 0 _aCosmology.
650 0 _aString models.
650 0 _aGeneral relativity (Physics)
650 0 _aParticles (Nuclear physics)
655 7 _aElectronic books.
_2local
710 2 _aebrary, Inc.
856 4 0 _uhttp://site.ebrary.com/lib/rucke/Doc?id=10422663
_zAn electronic book accessible through the World Wide Web; click to view
999 _c238203
_d238203